Most Visited Countries - Statistics

General Stats
  • This quiz has been taken 91 times
  • The average score is 8 of 10
Answer Stats
# Answer Number of Tourists
(In millions)
% Correct
3. United States 66.5
99%
1. France 100
96%
4. Italy 57.2
96%
2. Spain 85.2
93%
7. United Kingdom 37.2
93%
8. Germany 34.8
90%
6. Mexico 42.2
73%
9. Greece 32.7
70%
5. Türkiye 55.2
61%
10. Austria 30.9
46%
No matching quizzes found
Score Distribution
Percent of People with Each Score
Percentile by Number Answered
Your Score History
You have not taken this quiz